000 01260nam a2200289 a 4500
003 EG-GiCUC
005 20250223025547.0
008 090329s1994 ua o f m 000 0 eng d
040 _aEG-GiCUC
_beng
_cEG-GiCUC
041 0 _aeng.
049 _aDeposite
097 _aM.Sc.
099 _aCai01.09.02.M.Sc.1994.Ab.C
100 0 _aAbdelrhman Mohamed Aziz Hussen
245 1 0 _aComparative microscopic evaluation of the root canals prepared by hand, sonic and ultrasonic instrumentation /
_cAbdelrhman Mohamed Aziz Hussen ; Supervised Said M. Abdelaziz , Mohamed Abdelrhman Merdan
246 1 5 _aتقييم مجهري مقارن للقنوات الجذرية المحضرة بواسطة اليد والموجات الصوتية والموجات فوق الصوتية
260 _aCairo :
_bAbdelrhman Mohamed Aziz Hussen ,
_c1994
300 _a93Leaves :
_bphotographs ;
_c30cm
502 _aThesis (M.Sc.) - Cairo University - Faculty of Oral and Dental Medicine - Department of Endodontics
700 0 _aMohamed Abdelrhman Merdan ,
_eSupervisor
700 0 _aSaid Mohamed Abdelaziz ,
_eSupervisor
856 _uhttp://172.23.153.220/th.pdf
902 _a1
905 _aMustafa
_eRevisor
905 _aSamia
_eCataloger
942 _2ddc
_cTH
999 _c15626
_d15626